| 000 | 01068nam2a2200217 4500 | ||
|---|---|---|---|
| 001 | rc\2872802 | ||
| 005 | 20260315051746.0 | ||
| 035 | _a(NLR Aleph) 007026064 | ||
| 090 |
_a13582901 _c13582901 |
||
| 100 | _a20110715d1927 u y0rusy50 ca | ||
| 101 | 0 | _arus | |
| 102 | _aRU | ||
| 105 | _ay z ||||| | ||
| 200 | 0 | _aВып. 2 | |
| 210 | _d1927 | ||
| 461 | 0 |
_1001rc\2872801 _12000#$aНаселение и хозяйство Воронежской губернии$eСтатистический сводный сборник. Вып. 2-$fРед. Ив. К. Воронов$vВып. 2 _95956437 _aВоронежский губернский статистический отдел _cВоронеж _d1927 _fРед. Ив. К. Воронов _nИзд-во Воронежск. Губстатотдела _oСтатистический сводный сборник. Вып. 2- _tНаселение и хозяйство Воронежской губернии _vВып. 2 |
|
| 801 | 0 |
_aRU _bNLR _gpsbo |
|
| 801 | 1 |
_aRU _bELAR _2rusmarc |
|
| 852 |
_aNLR _j21/178 |
||
| 942 | _cUNSPEC | ||
| 980 | _aNB | ||